| 000 | 01178nam a22003378a 4500 | ||
|---|---|---|---|
| 001 | 015690037 | ||
| 003 | EG-ScBUE | ||
| 005 | 20220126142037.0 | ||
| 008 | 101103r20112003enk f 000 f eng d | ||
| 020 | _a0007147295 | ||
| 020 | _a9780007147298 | ||
| 040 |
_aStDuBDS _beng _erda _cStDuBDS _dEG-ScBUE |
||
| 082 | 0 | 4 |
_a823.914 _222 _bGRE |
| 100 | 1 |
_aGregory, Philippa, _eauthor. _934141 |
|
| 245 | 1 | 4 |
_aThe Queen's fool / _cPhilippa Gregory. |
| 264 | 1 |
_aLondon : _bHarper, _c2011. |
|
| 300 |
_a490 pages ; _c20 cm. |
||
| 336 |
_2rdacontent _atext _btxt |
||
| 337 |
_2rdamedia _aunmediated _bn |
||
| 338 |
_2rdacarrier _avolume _bnc |
||
| 490 | 0 |
_aThe Tudor court novels ; _v4 |
|
| 500 | _aOriginally published: London: HarperCollins, 2003. | ||
| 504 | _aIncludes bibliographical references. | ||
| 600 | 0 | 7 |
_aElizabeth _bI, _cQueen of England, _d1533-1603 _vFiction. _2BUEsh _934142 |
| 600 | 0 | 7 |
_aMary _bI, _cQueen of England, _d1516-1558 _vFiction. _2BUEsh _934143 |
| 650 | _2BUEsh | ||
| 651 | 7 |
_aGreat Britain _xHistory _yMary I, 1553-1558 _vFiction. _934144 _2BUEsh |
|
| 653 |
_cOctober2013 _dBestSellers _bHHUUEENN |
||
| 655 | 0 |
_aHistorical fiction. _vReading book |
|
| 942 |
_2ddc _cBB |
||
| 999 |
_c17661 _d17633 |
||